Gramatické cvičenia z angličtiny

Gespeichert in:
Bibliographische Detailangaben
1. Verfasser: Laskovičová, Tatiana
Körperschaft: Ekonomická univerzita v Bratislave. Ústav jazykov
Weitere Verfasser: Viktoryová, Eva
Format: Buch
Sprache:Englisch
Slowakisch
Veröffentlicht: Bratislava Vydavateľstvo EKONÓM 1999
Tags: Tag hinzufügen
Keine Tags, Fügen Sie das erste Tag hinzu!

MARC

LEADER 00000nam a2200000 4500
001 c110575
005 20221123132845.6
020 |a 80-225-0946-9 
041 0 |a eng 
041 0 |a slo 
044 |a SK 
245 1 0 |a Gramatické cvičenia z angličtiny  |c Tatiana Laskovičová, Eva Viktoryová 
264 1 |a Bratislava  |b Vydavateľstvo EKONÓM  |c 1999 
300 |a 56 s. 
100 1 |a Laskovičová, Tatiana 
700 1 |a Viktoryová, Eva 
710 2 |a Ekonomická univerzita v Bratislave. Ústav jazykov